[Event "PNWCC Masters WOO 2020"]
[Site "chess.com INT"]
[Date "2020.07.05"]
[Round "6.19"]
[White "Wang, Alex Yuxuan"]
[Black "Yip, Carissa"]
[Result "0-1"]
[BlackTitle "IM"]
[WhiteElo "1983"]
[BlackElo "2421"]
[WhiteFideId "30943876"]
[BlackFideId "2090732"]
[EventDate "2020.07.04"]

1. d4 Nf6 2. Nf3 g6 3. g3 Bg7 4. Bg2 O-O 5. O-O d5 6. c4 dxc4 7. Na3 Nc6 8. Nxc4
Be6 9. Nce5 Bd5 10. Nxc6 Bxc6 11. b3 a5 12. a3 Bd5 13. Bb2 c6 14. Qd3 Be4 15.
Qe3 Qd5 16. Rac1 Ng4 17. Qc3 Rfd8 18. Qc4 Nh6 19. Rfd1 Nf5 20. Ba1 a4 21. b4
Qxc4 22. Rxc4 Nd6 23. Rcc1 Nb5 24. Bb2 Bxf3 25. Bxf3 Bxd4 26. Bxd4 Nxd4 27. Rd3
Kf8 28. Kg2 Ke8 29. Rcd1 Nc2 30. e3 Rxd3 31. Rxd3 Ne1+ 0-1

[Event "PNWCC Masters WOO 2020"]
[Site "chess.com INT"]
[Date "2020.07.05"]
[Round "6.20"]
[White "Nguyen, Thanh Thuy Tien"]
[Black "Sarkar, Justin"]
[Result "1/2-1/2"]
[WhiteTitle "WIM"]
[BlackTitle "IM"]
[WhiteElo "1971"]
[BlackElo "2380"]
[WhiteFideId "12400998"]
[BlackFideId "2010011"]
[EventDate "2020.07.04"]

1. Nf3 d6 2. c4 f5 3. d4 Nf6 4. Nc3 g6 5. b4 Bg7 6. Bb2 O-O 7. e3 c5 8. bxc5
dxc5 9. Na4 Ne4 10. Bd3 Qa5+ 11. Kf1 Bd7 12. Nc3 Bc6 13. Qc2 cxd4 14. exd4 Nxc3
15. Bxc3 Qc7 16. Ng5 Bd7 17. c5 Bf6 18. Bc4+ Kg7 19. h4 Nc6 20. Re1 Rae8 21. Be6
Nd8 22. Bb3 b6 23. Re3 bxc5 24. dxc5 e5 25. f4 Qxc5 26. Qf2 exf4 27. Bxf6+ Rxf6
28. Rxe8 Qxf2+ 29. Kxf2 Bxe8 30. Re1 1/2-1/2

[Event "PNWCC Masters WOO 2020"]
[Site "chess.com INT"]
[Date "2020.07.05"]
[Round "6.21"]
[White "He, Anthony"]
[Black "Wen, Tommy"]
[Result "1-0"]
[WhiteTitle "FM"]
[WhiteElo "2337"]
[BlackElo "2014"]
[WhiteFideId "2088215"]
[BlackFideId "30952255"]
[EventDate "2020.07.04"]

1. Nf3 d5 2. g3 Bg4 3. Bg2 Nd7 4. c4 c6 5. cxd5 cxd5 6. Qb3 Qc8 7. Nc3 e6 8. d4
Ngf6 9. Bf4 a6 10. Rc1 Qc6 11. e4 Qb6 12. Ne5 Qxb3 13. axb3 Nxe5 14. Bxe5 dxe4
15. Bxf6 gxf6 16. Nxe4 Bb4+ 17. Kf1 Be7 18. h3 Bh5 19. g4 Bg6 20. Ke2 Kd7 21.
Rhd1 Rhd8 22. Nc5+ Bxc5 23. dxc5+ Kc7 24. c6 b5 25. Rd7+ Kb6 26. b4 Rxd7 27.
cxd7 Rd8 28. Rc6+ Kb7 29. Rc8+ Kb6 30. Rxd8 Kc7 31. Ra8 Kd6 32. d8=Q+ 1-0

[Event "PNWCC Masters WOO 2020"]
[Site "chess.com INT"]
[Date "2020.07.05"]
[Round "6.22"]
[White "Zhao, Erick"]
[Black "Melkumyan, Hrant"]
[Result "0-1"]
[WhiteTitle "CM"]
[BlackTitle "GM"]
[WhiteElo "2039"]
[BlackElo "2663"]
[WhiteFideId "30946930"]
[BlackFideId "13302485"]
[EventDate "2020.07.04"]

1. e4 c5 2. Nf3 Nc6 3. Bb5 g6 4. O-O Bg7 5. c3 Nf6 6. d4 cxd4 7. cxd4 Nxe4 8. d5
Nb8 9. Re1 Nd6 10. Bf1 O-O 11. Nc3 Na6 12. Bf4 b6 13. Bxd6 exd6 14. Qa4 Nc5 15.
Qf4 Qf6 16. Qd2 Bb7 17. Rac1 a5 18. b3 Rfe8 19. Nb5 Rxe1 20. Rxe1 Rc8 21. Bc4
Ba6 22. Nfd4 h5 23. h3 Kh7 24. Qe3 Kg8 25. Qg3 Bf8 26. a3 a4 27. b4 Ne4 28. Rxe4
Rxc4 29. Re8 Kg7 30. Qe3 h4 31. Rb8 Be7 32. Re8 Bxb5 33. Nxb5 Qa1+ 34. Kh2 Rc1
35. Qd4+ Qxd4 36. Nxd4 Bf6 37. Nf3 Rc3 38. Rb8 Rxa3 39. Rxb6 Rb3 40. b5 a3 41.
Ra6 Be5+ 42. Nxe5 dxe5 43. b6 d6 44. b7 Rxb7 45. Rxa3 Rb5 46. Rd3 f5 47. g3 e4
48. Rd4 hxg3+ 49. Kxg3 Kf6 50. h4 Ke5 51. Rd1 Rxd5 52. Ra1 Rd3+ 53. Kg2 f4 54.
Ra5+ d5 55. Ra8 Rd2 56. Re8+ Kf5 57. Kf1 d4 58. Rf8+ Kg4 59. Rf6 Kf3 60. Ke1
Re2+ 61. Kd1 Rxf2 62. Rxg6 e3 63. Rg1 d3 0-1

[Event "PNWCC Masters WOO 2020"]
[Site "chess.com INT"]
[Date "2020.07.05"]
[Round "6.24"]
[White "Li, Ben"]
[Black "Jin, Derek"]
[Result "1-0"]
[WhiteTitle "IM"]
[WhiteElo "2376"]
[BlackElo "1880"]
[WhiteFideId "2089980"]
[BlackFideId "30920329"]
[EventDate "2020.07.04"]

1. d4 Nf6 2. c4 e6 3. Nf3 d5 4. Nc3 Be7 5. Bf4 c6 6. e3 Nbd7 7. a3 O-O 8. c5 Nh5
9. Bd3 Nxf4 10. exf4 b6 11. b4 bxc5 12. bxc5 Qa5 13. Qd2 Bf6 14. Ne5 Bxe5 15.
fxe5 Ba6 16. Nxd5 Qxd2+ 17. Kxd2 Bb7 18. Rab1 Rab8 19. Ne7+ Kh8 20. Be4 Rfd8 21.
Ke3 Nf8 22. Nxc6 Bxc6 23. Bxc6 Ng6 24. Be4 Ne7 25. Rb4 f5 26. exf6 gxf6 27. Rhb1
Rxb4 28. Rxb4 f5 29. Rb7 Nd5+ 30. Bxd5 exd5 31. c6 1-0

[Event "PNWCC Masters WOO 2020"]
[Site "chess.com INT"]
[Date "2020.07.05"]
[Round "6.26"]
[White "Leiva, Giuseppe"]
[Black "Leschinsky, Gary"]
[Result "1-0"]
[WhiteTitle "IM"]
[WhiteElo "2391"]
[BlackElo "1888"]
[WhiteFideId "3804399"]
[BlackFideId "30951321"]
[EventDate "2020.07.04"]

1. d4 d5 2. c4 c6 3. Nf3 Nf6 4. e3 Bf5 5. Nc3 e6 6. Nh4 Be4 7. f3 Bg6 8. Qb3 Qc7
9. Bd2 Nbd7 10. cxd5 exd5 11. O-O-O Bd6 12. e4 dxe4 13. fxe4 Ng4 14. e5 Be7 15.
Nxg6 hxg6 16. Bc4 O-O-O 17. Rhf1 f6 18. h3 Nh6 19. g4 fxe5 20. dxe5 Nxe5 21.
Be6+ Kb8 22. Kb1 g5 23. Ne4 Rd3 24. Bc3 Rhd8 25. Rxd3 Nxd3 26. Bxg7 Qh2 27. Rd1
Qxh3 28. Bc4 Nxg4 29. Bxd3 Ne3 30. Re1 Ng2 31. Nf2 Qf3 32. Rxe7 1-0

[Event "PNWCC Masters WOO 2020"]
[Site "chess.com INT"]
[Date "2020.07.05"]
[Round "6.27"]
[White "Kumar, Naman"]
[Black "Zhao, Ian"]
[Result "1/2-1/2"]
[BlackTitle "FM"]
[WhiteElo "2115"]
[BlackElo "2380"]
[WhiteFideId "30908922"]
[BlackFideId "2620740"]
[EventDate "2020.07.04"]

1. d4 Nf6 2. c4 e6 3. g3 d5 4. Bg2 Be7 5. Nf3 O-O 6. O-O c6 7. Qc2 b6 8. Nbd2
Bb7 9. e4 Na6 10. a3 c5 11. exd5 exd5 12. Rd1 Rc8 13. Qd3 cxd4 14. b4 dxc4 15.
Nxc4 Be4 16. Qf1 d3 17. Nce5 Qd5 18. Bb2 Rc2 19. Nxd3 Bxf3 20. Bxf3 Qxf3 21. Ne1
Qb3 22. Bxf6 Bxf6 23. Nxc2 Qxc2 24. Qxa6 Bxa1 25. Rxa1 Rd8 26. Qxa7 Rd1+ 27.
Rxd1 Qxd1+ 28. Kg2 Qd5+ 29. f3 Qd2+ 30. Kh3 Qh6+ 31. Kg4 Qg6+ 32. Kf4 Qf6+ 33.
Ke4 Qe6+ 34. Kd4 Qd6+ 35. Kc3 Qc6+ 36. Kb2 Qf6+ 37. Kc2 Qc6+ 38. Kb2 Qf6+ 39.
Kc2 Qc6+ 40. Kb2 1/2-1/2

[Event "PNWCC Masters WOO 2020"]
[Site "chess.com INT"]
[Date "2020.07.05"]
[Round "6.28"]
[White "Vanapalli, Vishnu"]
[Black "Kumar, Nikhil"]
[Result "0-1"]
[BlackTitle "FM"]
[WhiteElo "1918"]
[BlackElo "2328"]
[WhiteFideId "30920523"]
[BlackFideId "30909040"]
[EventDate "2020.07.04"]

1. e4 e5 2. Nf3 Nc6 3. d4 exd4 4. Nxd4 Nf6 5. Nxc6 bxc6 6. e5 Qe7 7. Qe2 Nd5 8.
h4 Qe6 9. g3 d6 10. c4 Nb6 11. exd6 Bxd6 12. Be3 O-O 13. Nd2 Bb4 14. Rc1 Qe4 15.
Rh2 Bg4 16. Bg2 Qe6 17. f3 Rfe8 18. Kf2 Bxd2 19. Qxd2 Rad8 20. Qe2 Bf5 21. b3
Rd3 22. Re1 Qf6 23. Bxb6 Rxe2+ 24. Rxe2 Rd8 25. Bxa7 Bd3 26. Rd2 Qc3 27. Be3 Re8
28. Bh1 Bxc4 29. Bf4 Bd3 30. Be3 Bb5 31. Bf4 Qc1 32. g4 Qe1+ 33. Kg2 Bf1+ 0-1

[Event "PNWCC Masters WOO 2020"]
[Site "chess.com INT"]
[Date "2020.07.05"]
[Round "6.29"]
[White "Stefanov, Emil"]
[Black "Kondakov, Adrian"]
[Result "0-1"]
[WhiteTitle "IM"]
[BlackTitle "CM"]
[WhiteElo "2350"]
[BlackElo "1986"]
[WhiteFideId "2914794"]
[BlackFideId "30920302"]
[EventDate "2020.07.04"]

1. d4 Nf6 2. c4 g6 3. Nc3 Bg7 4. e4 d6 5. Nf3 O-O 6. Be2 e5 7. O-O Nc6 8. d5 Ne7
9. b4 a5 10. Ba3 axb4 11. Bxb4 Nd7 12. a4 f5 13. Qc2 Nf6 14. Nd2 fxe4 15. Ndxe4
Nf5 16. Bd3 Nd4 17. Qb1 Nxe4 18. Nxe4 b6 19. a5 bxa5 20. Bxa5 Bf5 21. Qd1 Qh4
22. f3 Bh6 23. Be1 Rxa1 24. Qxa1 Be3+ 25. Kh1 Qh6 26. Qb1 Bf4 27. Ng3 Ne2 28.
Bxf5 gxf5 29. Qa2 Nxg3+ 30. Bxg3 Bxg3 31. h3 e4 32. fxe4 fxe4 33. Rxf8+ Qxf8 34.
Qe2 Qf4 35. Kg1 Qc1+ 0-1

[Event "PNWCC Masters WOO 2020"]
[Site "chess.com INT"]
[Date "2020.07.05"]
[Round "6.30"]
[White "Zhang, Samuel"]
[Black "Liang, Jason"]
[Result "1-0"]
[BlackTitle "FM"]
[WhiteElo "2033"]
[BlackElo "2340"]
[WhiteFideId "30942993"]
[BlackFideId "30940303"]
[EventDate "2020.07.04"]

1. e4 c5 2. Nf3 d6 3. d4 cxd4 4. Nxd4 Nf6 5. Nc3 Bd7 6. g3 e5 7. Nde2 Be7 8. Bg2
O-O 9. O-O Bc6 10. h3 Nbd7 11. g4 Nc5 12. Ng3 Rc8 13. Be3 b5 14. Qd2 b4 15. Nd5
Nxd5 16. exd5 Bb5 17. Rfc1 a5 18. a3 b3 19. c4 Bd7 20. Rc3 a4 21. Rf1 Re8 22.
Kh1 Qa5 23. Be4 Bd8 24. Bb1 Qa6 25. Nh5 g6 26. Bxc5 dxc5 27. Qh6 Bf6 28. Rf3 Bh8
29. Rxf7 Kxf7 30. Qxh7+ Kf8 31. Bxg6 Be6 32. Qxh8+ Ke7 33. Qg7+ Kd6 34. dxe6
Red8 35. Be4 Qxc4 36. Rd1+ Qd4 37. Rxd4+ cxd4 38. e7 Re8 39. Qf6+ Kc7 40. Qc6+
Kb8 41. Qb7# 1-0

[Event "PNWCC Masters WOO 2020"]
[Site "chess.com INT"]
[Date "2020.07.05"]
[Round "6.31"]
[White "Wang, Ze"]
[Black "Eswaran, Ashritha"]
[Result "0-1"]
[BlackTitle "WIM"]
[WhiteElo "1869"]
[BlackElo "2244"]
[WhiteFideId "8615187"]
[BlackFideId "2080788"]
[EventDate "2020.07.04"]

1. e4 c5 2. f4 e6 3. Nf3 Nc6 4. Bb5 Nge7 5. O-O a6 6. Bxc6 Nxc6 7. d3 Be7 8. Be3
O-O 9. Nbd2 d5 10. exd5 Qxd5 11. Nc4 Qd8 12. Nce5 Bd7 13. Nxd7 Qxd7 14. Ne5 Qc7
15. Nxc6 Qxc6 16. Qf3 Qb5 17. Rab1 Rfe8 18. f5 Bf6 19. fxe6 Rxe6 20. Bg5 c4 21.
Bxf6 Rxf6 22. Qe4 Rxf1+ 23. Kxf1 cxd3 24. Qxd3 Qb6 25. Rd1 h6 26. Qd4 Qg6 27. c3
Re8 28. h3 Qe6 29. Kg1 Qe2 30. Rd2 Qe1+ 31. Kh2 Re3 32. Qd6 Kh7 33. Rd3 Re6 34.
Qf4 Rf6 35. Qe3 Qb1 36. Rd2 g6 37. Qd3 Qxa2 38. Qd7 Qc4 39. Qd3 Qf4+ 40. Kg1 b5
41. Qd4 Qf5 42. Qd3 Qe6 43. Re2 Qb6+ 44. Qe3 Qxe3+ 45. Rxe3 Kg7 46. g4 Rf4 47.
Kg2 g5 48. Rd3 Kg6 49. Rd6+ Rf6 50. Rd5 Rb6 51. Kf3 a5 52. Rc5 a4 53. Rd5 b4 54.
cxb4 Rxb4 55. Ra5 Rf4+ 56. Ke3 h5 57. gxh5+ Kxh5 58. Kd3 Kh4 59. Kc3 f5 60. b3
Rf3+ 61. Kc2 axb3+ 62. Kb2 Kxh3 0-1

[Event "PNWCC Masters WOO 2020"]
[Site "chess.com INT"]
[Date "2020.07.05"]
[Round "6.32"]
[White "Kolay, Alex"]
[Black "Sampath, Aja"]
[Result "1/2-1/2"]
[WhiteElo "2208"]
[BlackElo "1981"]
[WhiteFideId "30919991"]
[BlackFideId "30955190"]
[EventDate "2020.07.04"]

1. d4 Nf6 2. c4 g6 3. Nc3 Bg7 4. e4 d6 5. Nf3 O-O 6. h3 e5 7. d5 a5 8. Be3 Na6
9. g4 Nc5 10. Nd2 c6 11. Be2 a4 12. a3 Bd7 13. g5 Ne8 14. h4 f6 15. Kf1 cxd5 16.
cxd5 Nc7 17. Kg2 fxg5 18. hxg5 Rf4 19. Bxf4 exf4 20. Nf3 Nb3 21. Rb1 Na6 22. Rh4
Nd4 23. Qh1 Nxf3 24. Kxf3 Qxg5 25. Rg1 Qe5 26. Rxh7 g5 27. Rh5 g4+ 28. Rxg4
Bxg4+ 29. Kxg4 Qe7 30. e5 Bxe5 31. Bd3 Bf6 32. Rh7 Bg7 33. Bf5 Nc7 34. Rh5 Kf7
35. Ne4 Rf8 36. Rg5 Ke8 37. Qh5+ Kd8 38. Nxd6 Nxd5 39. Ne4 Nf6+ 40. Nxf6 Bxf6
41. Rg6 Qe2+ 42. f3 Qg2+ 43. Kxf4 Qd2+ 44. Kg4 Qg2+ 45. Kf4 1/2-1/2

[Event "PNWCC Masters WOO 2020"]
[Site "chess.com INT"]
[Date "2020.07.05"]
[Round "6.33"]
[White "Altman, Joshua"]
[Black "Ghazarian, Kirk"]
[Result "1/2-1/2"]
[WhiteTitle "CM"]
[WhiteElo "1926"]
[BlackElo "2181"]
[WhiteFideId "426210"]
[BlackFideId "30908604"]
[EventDate "2020.07.04"]

1. d4 Nf6 2. c4 e6 3. Nf3 b6 4. g3 Bb4+ 5. Nbd2 Ba6 6. Qc2 O-O 7. Bg2 d5 8. O-O
c5 9. dxc5 Bxc5 10. a3 Nbd7 11. b4 Be7 12. Nd4 Bb7 13. Bb2 a5 14. Bc3 Rc8 15.
bxa5 bxa5 16. N4b3 dxc4 17. Bxb7 cxb3 18. Nxb3 Rc7 19. Nxa5 Nd5 20. Nc6 Qe8 21.
Nxe7+ Nxe7 22. Bg2 Nb6 23. Qb3 Nbd5 24. Be5 Ra7 25. e4 Nf6 26. Qc3 Ng6 27. Bxf6
gxf6 28. Qxf6 Qe7 29. Qxe7 Nxe7 30. e5 Rb8 31. f4 Nf5 32. a4 Ne3 33. Rf2 Ra5 34.
Re2 Nxg2 35. Kxg2 Rb4 36. Rea2 Rb3 37. Kf2 Kg7 38. Ra3 Rb2+ 39. Kf3 Rxh2 40. Rb3
h5 41. Rb5 Rxb5 42. axb5 Rb2 43. Ra5 Rb3+ 44. Kg2 Kg6 45. Kf2 Kg7 46. Kg2 Kg6
47. Kh2 Rb2+ 48. Kh3 Rb1 49. Kg2 Rb2+ 50. Kf3 1/2-1/2

[Event "PNWCC Masters WOO 2020"]
[Site "chess.com INT"]
[Date "2020.07.05"]
[Round "6.34"]
[White "Tanenbaum, Zachary"]
[Black "Singh, Hersh"]
[Result "1-0"]
[WhiteElo "2137"]
[BlackElo "1906"]
[WhiteFideId "2060850"]
[BlackFideId "30918804"]
[EventDate "2020.07.04"]

1. e4 e5 2. Nf3 Nc6 3. Bc4 Nf6 4. d3 Be7 5. O-O O-O 6. Re1 d6 7. a4 Kh8 8. Nc3
Ng8 9. Nd5 f5 10. h3 f4 11. d4 g5 12. b4 g4 13. hxg4 Bxg4 14. Bb2 Nf6 15. b5
Nxd4 16. Bxd4 exd4 17. Nxf4 Nd7 18. Qxd4+ Bf6 19. Qe3 Bxa1 20. Ng6+ Kg7 21. Nxf8
Nxf8 22. Rxa1 Ng6 23. Nd4 Qf6 24. Rf1 Nf4 25. Nf5+ Bxf5 26. Qxf4 Bg6 27. Qxf6+
Kxf6 28. Bd5 c6 29. bxc6 bxc6 30. Bxc6 Rc8 31. Bd5 Rxc2 32. Rb1 Rc5 33. Rb4 Ra5
34. f4 Be8 35. g4 h6 36. Bb3 Bd7 37. Bd1 Rc5 38. Kf2 Rc1 39. Bf3 a5 40. Rb6 Ke7
41. Rb7 Rc2+ 42. Kg3 Ra2 43. g5 hxg5 44. fxg5 Kd8 45. g6 Be6 46. g7 Rxa4 47. Kf4
Ra1 48. Bg4 Rf1+ 49. Ke3 Bc4 50. Be2 Re1 51. Kd4 Be6 52. Bg4 Ba2 53. Ra7 Rg1 54.
Rxa5 Bb3 55. Ra8+ Ke7 56. g8=Q Bxg8 57. Rxg8 Rg2 58. Be6 Rd2+ 59. Ke3 Rd1 60.
Bd5 Re1+ 61. Kf2 Rb1 62. Rg6 Rc1 63. Ke3 Re1+ 64. Kf4 Rf1+ 65. Kg5 Rf2 66. Rg7+
Kd8 67. Rf7 Rh2 68. Kf5 Rh5+ 69. Ke6 Rh6+ 70. Rf6 Rh8 71. Kxd6 Re8 72. e5 Rh8
73. e6 Re8 74. Bc6 Rh8 75. e7+ Kc8 76. Rf8+ Rxf8 77. exf8=Q# 1-0

[Event "PNWCC Masters WOO 2020"]
[Site "chess.com INT"]
[Date "2020.07.05"]
[Round "6.35"]
[White "Tarjan, James"]
[Black "Johnson, Donald"]
[Result "1-0"]
[WhiteTitle "GM"]
[WhiteElo "2381"]
[BlackElo "1857"]
[WhiteFideId "2000180"]
[BlackFideId "30949122"]
[EventDate "2020.07.04"]

1. d4 Nf6 2. c4 g6 3. Nc3 d5 4. cxd5 Nxd5 5. e3 Bg7 6. Bc4 Nxc3 7. bxc3 c5 8. h4
h5 9. Nh3 O-O 10. Ng5 Qc7 11. O-O cxd4 12. Qb3 e5 13. Ba3 Rd8 14. Bxf7+ Kh8 15.
Bxg6 Rd7 16. Qd1 Kg8 17. Bh7+ Kh8 18. Qxh5 Bf8 19. Bc2+ Kg8 20. Bb3+ Kg7 21.
Qh7+ Kf6 22. Ne4# 1-0

[Event "PNWCC Masters WOO 2020"]
[Site "chess.com INT"]
[Date "2020.07.05"]
[Round "6.36"]
[White "Padhye, Rohan"]
[Black "Morefield, Jason"]
[Result "0-1"]
[BlackTitle "FM"]
[WhiteElo "1716"]
[BlackElo "2227"]
[WhiteFideId "30946034"]
[BlackFideId "30920825"]
[EventDate "2020.07.04"]

1. e4 c5 2. Nf3 Nc6 3. d4 cxd4 4. Nxd4 Nf6 5. Nc3 e5 6. Ndb5 d6 7. Bg5 a6 8. Na3
b5 9. Bxf6 gxf6 10. Nd5 Bg7 11. c4 f5 12. cxb5 Nd4 13. b6 O-O 14. Bd3 Bb7 15.
Nc7 fxe4 16. Bc4 Qg5 17. Qd2 Qxg2 18. O-O-O Nf3 19. Qe2 Rac8 20. Kb1 Qg6 21. Ka1
Nd4 22. Qe3 Bh6 23. Qg3 Bf4 24. Qxg6+ hxg6 25. Bd5 Rxc7 26. bxc7 Bxd5 27. Rhe1
Rc8 28. h3 Rxc7 29. Kb1 Be6 30. h4 Bg4 31. Rc1 Bxc1 32. Rxc1 Rxc1+ 33. Kxc1 Be2
34. Nb1 Nf3 35. Nc3 Bd3 36. Nd5 f5 37. h5 gxh5 38. Nf6+ Kf7 39. Nxh5 f4 40. b4
Kg6 41. Nxf4+ exf4 42. a4 e3 43. fxe3 fxe3 44. b5 e2 45. Kb2 e1=Q 46. bxa6 Qb4+
47. Ka2 Bc4+ 48. Ka1 Qa3+ 49. Kb1 Bd3# 0-1

[Event "PNWCC Masters WOO 2020"]
[Site "chess.com INT"]
[Date "2020.07.05"]
[Round "6.37"]
[White "Estrada Nieto, Julian"]
[Black "Sivakumar, Shaashwath"]
[Result "1-0"]
[WhiteTitle "IM"]
[WhiteElo "2280"]
[BlackElo "1866"]
[WhiteFideId "5101018"]
[BlackFideId "30912156"]
[EventDate "2020.07.04"]

1. e4 c5 2. Nf3 d6 3. Bb5+ Bd7 4. Bxd7+ Nxd7 5. O-O Ngf6 6. Re1 e6 7. c3 Be7 8.
d4 cxd4 9. cxd4 d5 10. e5 Ne4 11. Nbd2 Nxd2 12. Bxd2 O-O 13. Rc1 Rc8 14. Qa4 a6
15. Rxc8 Qxc8 16. Rc1 Qd8 17. Ba5 Qe8 18. Qb3 b5 19. Qc2 Nb8 20. a3 f6 21. exf6
Bxf6 22. Bb4 Be7 23. Bxe7 Qxe7 24. Qe2 Qd6 25. Qe5 Qe7 26. Rc7 Nd7 27. Qg3 Rd8
28. Ne5 Qe8 29. h4 g6 30. Nc6 Ra8 31. Qd6 Nf8 32. Ne7+ Kh8 33. Qe5# 1-0

[Event "PNWCC Masters WOO 2020"]
[Site "chess.com INT"]
[Date "2020.07.05"]
[Round "6.38"]
[White "Sivakumar, Shaaketh"]
[Black "Metpally, Jason"]
[Result "0-1"]
[WhiteElo "1870"]
[BlackElo "2204"]
[WhiteFideId "30940176"]
[BlackFideId "2068567"]
[EventDate "2020.07.04"]

1. d4 e6 2. Bf4 Nf6 3. e3 d5 4. Nd2 c5 5. c3 Nc6 6. Ngf3 Bd6 7. Bg3 O-O 8. Bd3
b6 9. e4 Be7 10. e5 Nh5 11. a3 a5 12. Qe2 g6 13. Nf1 Bd7 14. Ne3 cxd4 15. cxd4
f5 16. exf6 Bxf6 17. Nc2 Qe7 18. O-O Nxg3 19. hxg3 Qg7 20. Bb5 Rfe8 21. Bxc6
Bxc6 22. Rfe1 Ba4 23. Ne5 Rac8 24. Rac1 Bxe5 25. dxe5 Rc4 26. Qd2 Bxc2 27. Rxc2
Rec8 28. Rxc4 Rxc4 29. b3 Rc7 30. Qg5 Rc8 31. Qg4 Qe7 32. Re3 Rc6 33. Rf3 Qxa3
34. Qh4 Rc8 35. Qf6 Qc1+ 36. Kh2 Qh6+ 37. Qh4 Qxh4+ 38. gxh4 b5 39. Rd3 Kf7 40.
Kg3 Ke7 41. Kf3 Rc7 42. Ke3 Kd7 43. Kd4 a4 44. Rf3 a3 0-1

[Event "PNWCC Masters WOO 2020"]
[Site "chess.com INT"]
[Date "2020.07.05"]
[Round "6.39"]
[White "Maiti, Milind"]
[Black "Vijayakumar, Advaith"]
[Result "1/2-1/2"]
[WhiteElo "2068"]
[BlackElo "1846"]
[WhiteFideId "2090767"]
[BlackFideId "30933196"]
[EventDate "2020.07.04"]

1. d4 Nf6 2. c4 e6 3. Nc3 Bb4 4. Qc2 Nc6 5. Nf3 d6 6. e4 O-O 7. Bd3 e5 8. d5 Ne7
9. a3 Bxc3+ 10. Qxc3 a5 11. b4 Nd7 12. O-O f5 13. exf5 Nxf5 14. Bb2 Nf6 15. Rfe1
axb4 16. axb4 Rxa1 17. Bxa1 Nh5 18. Bf1 Nh4 19. Nxh4 Qxh4 20. g3 Qf6 21. Qd2 Bg4
22. Bc3 Bf3 23. Ra1 Be4 24. Qe3 Qf3 25. Qxf3 Bxf3 26. Ra7 Rb8 27. Bh3 Be2 28.
Bf1 Bf3 29. Bg2 Be2 30. c5 Nf6 31. c6 bxc6 32. dxc6 Ne8 33. Bh3 Bc4 34. Bd7 Bf7
35. f4 exf4 36. gxf4 Rb6 37. Kf2 Kf8 38. Ke3 Bd5 39. Ra8 Bxc6 40. Rxe8+ Kf7 41.
Rh8 Bxd7 42. Rxh7 Rc6 43. Rxg7+ Ke8 44. Bf6 Bf5 45. h4 Rc4 46. h5 Rxb4 47. Rxc7
Rb3+ 48. Kd4 Rh3 49. Kd5 Rxh5 50. Kxd6 Rh6 51. Ke5 Bg4 52. Re7+ Kf8 53. Rg7 Rh5+
54. Kd6 Rf5 55. Rxg4 Rxf6+ 56. Ke5 Ra6 57. Rg1 Kf7 58. Rb1 Kf8 59. Ke4 Kf7 60.
Kf3 Kf6 61. Kg4 Kf7 62. Kg5 Kf8 63. Rb7 Kg8 64. f5 Kf8 65. Rc7 Kg8 66. Rc8+ Kf7
67. Rd8 Kg7 68. Rd7+ Kf8 69. Rb7 Rc6 70. Rb2 Ra6 71. Rh2 Rb6 72. Rh6 Rxh6 73.
Kxh6 Kf7 74. Kg5 Kg7 75. Kf4 Kf6 76. Kg4 Kf7 77. Kg5 Kg7 78. f6+ Kf7 79. Kf5 Kf8
80. Ke5 Kf7 81. Kf5 Kf8 82. Kf4 Kf7 83. Ke5 Kf8 84. Ke6 Ke8 85. Kf5 Kf7 86. Kg5
Kf8 87. Kg6 Kg8 88. f7+ Kf8 89. Kf6 1/2-1/2

[Event "PNWCC Masters WOO 2020"]
[Site "chess.com INT"]
[Date "2020.07.05"]
[Round "6.40"]
[White "Markzon, Gregory"]
[Black "Feng, Eric"]
[Result "0-1"]
[WhiteTitle "FM"]
[WhiteElo "2069"]
[BlackElo "1898"]
[WhiteFideId "2003694"]
[BlackFideId "30923972"]
[EventDate "2020.07.04"]

1. d4 Nf6 2. c4 e6 3. g3 Nc6 4. Bg2 Bb4+ 5. Nc3 b6 6. Nf3 Bb7 7. O-O O-O 8. Qc2
Bxc3 9. Qxc3 d5 10. Rd1 Ne4 11. Qc2 Nb4 12. Qb3 a5 13. a3 dxc4 14. Qxc4 Bd5 15.
Bg5 Nxg5 16. Qc3 Nxf3+ 17. Bxf3 Bxf3 18. Qxf3 Nd5 19. e4 Nf6 20. g4 h6 21. h4
Nd7 22. Qg3 f5 23. gxf5 exf5 24. e5 Qe7 25. Re1 Rad8 26. Rac1 f4 27. Qg4 c5 28.
e6 Nf6 29. Qxf4 Rxd4 30. Qe5 Ng4 0-1

[Event "PNWCC Masters WOO 2020"]
[Site "chess.com INT"]
[Date "2020.07.05"]
[Round "6.43"]
[White "Kunka, Harshid"]
[Black "Yang, Maxwell"]
[Result "1-0"]
[WhiteElo "1913"]
[BlackElo "1075"]
[WhiteFideId "30922216"]
[BlackFideId "30965268"]
[EventDate "2020.07.04"]

1. e4 c5 2. Nf3 e6 3. d4 cxd4 4. Nxd4 Nf6 5. Bd3 Nc6 6. Nxc6 dxc6 7. Be3 e5 8.
h3 Be6 9. O-O Be7 10. Nd2 O-O 11. Nf3 Qc7 12. c3 Rad8 13. Qc2 c5 14. Ng5 Bd7 15.
c4 Bc6 16. Rfd1 Rd7 17. Rd2 Rfd8 18. Nf3 b6 19. Rad1 Bd6 20. Bg5 Be7 21. Kh1 Ne8
22. Be3 g6 23. Ng1 Ng7 24. Ne2 Ne6 25. Nc3 Nd4 26. Bxd4 cxd4 27. Nb1 Bb4 28. Re2
Bf8 29. Nd2 Re7 30. Nf3 Qd7 31. Nh2 h5 32. Kg1 Bh6 33. Nf3 Rc8 34. Ne1 Rf8 35.
c5 Rc8 36. Bc4 Bb7 37. b4 Bc6 38. Nd3 Ba4 39. Bb3 Bb5 40. Bd5 Kg7 41. Ree1 a5
42. a3 f5 43. Nb2 Bc6 44. Bxc6 Rxc6 45. Nd3 axb4 46. axb4 fxe4 47. Rxe4 Qf5 48.
Rde1 Kf8 49. Rxe5 Rxe5 50. Rxe5 Qf6 51. Qe2 Qf7 52. b5 Rf6 53. c6 Bf4 54. Re4
Bc7 55. Rxd4 Rd6 56. Rxd6 Bxd6 57. Ne5 Qf5 58. Nd7+ Kg7 59. g3 h4 60. Qb2+ Kf7
61. Qb3+ Kg7 62. Qc3+ Kf7 63. Qc4+ Ke7 64. Qxh4+ g5 65. Qd4 Qb1+ 66. Kg2 Qxb5
67. Qf6+ Ke8 68. Qxd6 Qf5 69. Qe5+ Qxe5 70. Nxe5 Kd8 71. h4 b5 72. hxg5 b4 73.
g6 b3 74. g7 b2 75. g8=Q+ Kc7 76. Qb3 b1=N 77. Qxb1 Kd6 78. c7 Kxc7 79. Nd7 Kd6
80. Qe4 Kxd7 81. Qe5 Kc6 82. Qd4 Kb5 83. Qc3 Kb6 84. Qc4 Kb7 85. Qc5 Kb8 86. Qe7
Kc8 87. g4 Kb8 88. g5 Kc8 89. g6 Kb8 90. g7 Ka8 91. g8=R# 1-0

[Event "PNWCC Masters WOO 2020"]
[Site "chess.com INT"]
[Date "2020.07.05"]
[Round "6.44"]
[White "Chen, Megan"]
[Black "Jiang, Brandon"]
[Result "1/2-1/2"]
[WhiteElo "1549"]
[BlackElo "1954"]
[WhiteFideId "30929121"]
[BlackFideId "30943582"]
[EventDate "2020.07.04"]

1. e4 c5 2. d4 cxd4 3. c3 dxc3 4. Nxc3 Nc6 5. Nf3 d6 6. Bc4 Nf6 7. e5 dxe5 8.
Qxd8+ Kxd8 9. Ng5 Ke8 10. Nb5 Kd7 11. Nxf7 Rg8 12. Ng5 Nb4 13. O-O Nbd5 14. Rd1
e6 15. Nf7 Bc5 16. Nxe5+ Ke7 17. Bxd5 Nxd5 18. Bg5+ Nf6 19. Rac1 Bb6 20. Nd6 Rd8
21. Nef7 Rf8 22. Ne5 Rd8 23. Nef7 Rf8 24. Ne5 Rd8 1/2-1/2